000 00431nam a2200169Ia 4500
001 15544
003 IN-NITTTR
005 20251114233146.0
008 251113s9999||||xx |||||||||||||| ||eng||
040 _beng
040 _cIN-NITTTR
041 _aeng
082 _a027.7 A61I
100 _aAdams, Roy J.
245 0 _aInformation technology and libraries :
_b a future for academic libraries /
_cAdams, Roy J.
942 _2ddc
_cBK
999 _c18178
_d18178